<?xml version="1.0" encoding="UTF-8"?>
<record
    xmlns:xsi="http://www.w3.org/2001/XMLSchema-instance"
    xsi:schemaLocation="http://www.loc.gov/MARC21/slim http://www.loc.gov/standards/marcxml/schema/MARC21slim.xsd"
    xmlns="http://www.loc.gov/MARC21/slim">

  <leader>00745nam a22001337a 4500</leader>
  <datafield tag="040" ind1=" " ind2=" ">
    <subfield code="c">RUA</subfield>
  </datafield>
  <datafield tag="082" ind1=" " ind2=" ">
    <subfield code="a">AVM NGE 2010 B096 Or.1</subfield>
  </datafield>
  <datafield tag="100" ind1=" " ind2=" ">
    <subfield code="a">NGET, KIMHUOT.</subfield>
  </datafield>
  <datafield tag="245" ind1=" " ind2=" ">
    <subfield code="a">Effect of creeping water primrose (Ludiwigia adscendens) on growth rate of quails at royal university of agriculture, &#x179F;&#x17B7;&#x1780;&#x17D2;&#x179F;&#x17B6;&#x1796;&#x17B8;&#x17A5;&#x1791;&#x17D2;&#x1792;&#x17B7;&#x1796;&#x179B;&#x1793;&#x17C3;&#x1780;&#x17B6;&#x179A;&#x1794;&#x1793;&#x17D2;&#x1790;&#x17C2;&#x1798;&#x1780;&#x17C6;&#x1796;&#x17B8;&#x1784;&#x1796;&#x17BD;&#x1799;&#x1780;&#x17D2;&#x179A;&#x17C0;&#x1798;&#x1791;&#x17C5;&#x179B;&#x17BE;&#x1780;&#x17B6;&#x179A;&#x179B;&#x17BC;&#x178F;&#x179B;&#x17B6;&#x179F;&#x17CB;&#x179A;&#x1794;&#x179F;&#x17CB;&#x1780;&#x17D2;&#x179A;&#x17BC;&#x1785;&#x1793;&#x17C5;&#x179F;&#x17B6;&#x1780;&#x179B;&#x179C;&#x17B7;&#x1791;&#x17D2;&#x1799;&#x17B6;&#x179B;&#x17D0;&#x1799;&#x1797;&#x17BC;&#x1798;&#x17B7;&#x1793;&#x17D2;&#x1791;&#x1780;&#x179F;&#x17B7;&#x1780;&#x1798;&#x17D2;&#x1798;</subfield>
  </datafield>
  <datafield tag="260" ind1=" " ind2=" ">
    <subfield code="a">Phnom Penh</subfield>
    <subfield code="b">RUA</subfield>
    <subfield code="c">2010</subfield>
  </datafield>
  <datafield tag="300" ind1=" " ind2=" ">
    <subfield code="a">x; 39p.</subfield>
    <subfield code="b">ill.</subfield>
    <subfield code="c">29cm.</subfield>
  </datafield>
  <datafield tag="856" ind1=" " ind2=" ">
    <subfield code="u">https://drive.google.com/file/d/1YZbsLJqSGJcwbiCUVg6AfaTbFNz8AvQa/view?usp=sharing</subfield>
  </datafield>
  <datafield tag="942" ind1=" " ind2=" ">
    <subfield code="c">AVM</subfield>
  </datafield>
  <datafield tag="999" ind1=" " ind2=" ">
    <subfield code="c">2473</subfield>
    <subfield code="d">2473</subfield>
  </datafield>
  <datafield tag="952" ind1=" " ind2=" ">
    <subfield code="0">0</subfield>
    <subfield code="1">0</subfield>
    <subfield code="2">ddc</subfield>
    <subfield code="4">0</subfield>
    <subfield code="6">AVM_NGE_2010_000000000000000_B096_OR_1</subfield>
    <subfield code="7">0</subfield>
    <subfield code="9">11248</subfield>
    <subfield code="a">LBB</subfield>
    <subfield code="b">LBB</subfield>
    <subfield code="c">B096</subfield>
    <subfield code="d">2015-10-21</subfield>
    <subfield code="o">AVM NGE 2010 B096 Or.1</subfield>
    <subfield code="p">RUA020241</subfield>
    <subfield code="r">2015-10-21</subfield>
    <subfield code="w">2015-10-21</subfield>
    <subfield code="y">AVM</subfield>
  </datafield>
  <datafield tag="952" ind1=" " ind2=" ">
    <subfield code="0">0</subfield>
    <subfield code="1">0</subfield>
    <subfield code="2">ddc</subfield>
    <subfield code="4">0</subfield>
    <subfield code="6">AVM_NGE_2010_000000000000000_B096_OR_2</subfield>
    <subfield code="7">0</subfield>
    <subfield code="9">11249</subfield>
    <subfield code="a">LBB</subfield>
    <subfield code="b">LBB</subfield>
    <subfield code="c">B096</subfield>
    <subfield code="d">2015-10-21</subfield>
    <subfield code="o">AVM NGE 2010 B096 Or.2</subfield>
    <subfield code="p">RUA020244</subfield>
    <subfield code="r">2015-10-21</subfield>
    <subfield code="w">2015-10-21</subfield>
    <subfield code="y">AVM</subfield>
  </datafield>
  <datafield tag="952" ind1=" " ind2=" ">
    <subfield code="0">0</subfield>
    <subfield code="1">0</subfield>
    <subfield code="2">ddc</subfield>
    <subfield code="4">0</subfield>
    <subfield code="6">AVM_NGE_2010_000000000000000_B096_OR_3</subfield>
    <subfield code="7">0</subfield>
    <subfield code="9">11250</subfield>
    <subfield code="a">LBB</subfield>
    <subfield code="b">LBB</subfield>
    <subfield code="c">B096</subfield>
    <subfield code="d">2015-10-21</subfield>
    <subfield code="l">1</subfield>
    <subfield code="o">AVM NGE 2010 B096 Or.3</subfield>
    <subfield code="p">RUA020172</subfield>
    <subfield code="r">2019-07-27</subfield>
    <subfield code="s">2019-07-13</subfield>
    <subfield code="w">2015-10-21</subfield>
    <subfield code="y">AVM</subfield>
  </datafield>
  <datafield tag="952" ind1=" " ind2=" ">
    <subfield code="0">0</subfield>
    <subfield code="1">0</subfield>
    <subfield code="2">ddc</subfield>
    <subfield code="4">0</subfield>
    <subfield code="6">AVM_NGE_2010_000000000000000_B096_OR_4</subfield>
    <subfield code="7">0</subfield>
    <subfield code="9">11251</subfield>
    <subfield code="a">LBB</subfield>
    <subfield code="b">LBB</subfield>
    <subfield code="c">B096</subfield>
    <subfield code="d">2015-10-21</subfield>
    <subfield code="o">AVM NGE 2010 B096 Or.4</subfield>
    <subfield code="p">RUA020384</subfield>
    <subfield code="r">2015-10-21</subfield>
    <subfield code="w">2015-10-21</subfield>
    <subfield code="y">AVM</subfield>
  </datafield>
  <datafield tag="952" ind1=" " ind2=" ">
    <subfield code="0">0</subfield>
    <subfield code="1">0</subfield>
    <subfield code="2">ddc</subfield>
    <subfield code="4">0</subfield>
    <subfield code="6">AVM_NGE_2010_000000000000000_B096_OR_5</subfield>
    <subfield code="7">0</subfield>
    <subfield code="9">11252</subfield>
    <subfield code="a">LBB</subfield>
    <subfield code="b">LBB</subfield>
    <subfield code="c">B096</subfield>
    <subfield code="d">2015-10-21</subfield>
    <subfield code="o">AVM NGE 2010 B096 Or.5</subfield>
    <subfield code="p">RUA020311</subfield>
    <subfield code="r">2015-10-21</subfield>
    <subfield code="w">2015-10-21</subfield>
    <subfield code="y">AVM</subfield>
  </datafield>
  <datafield tag="952" ind1=" " ind2=" ">
    <subfield code="0">0</subfield>
    <subfield code="1">0</subfield>
    <subfield code="2">ddc</subfield>
    <subfield code="4">0</subfield>
    <subfield code="6">AVM_NGE_2010_000000000000000_B096_OR_6</subfield>
    <subfield code="7">0</subfield>
    <subfield code="9">11253</subfield>
    <subfield code="a">LBB</subfield>
    <subfield code="b">LBB</subfield>
    <subfield code="c">B096</subfield>
    <subfield code="d">2015-10-21</subfield>
    <subfield code="o">AVM NGE 2010 B096 Or.6</subfield>
    <subfield code="p">RUA020243</subfield>
    <subfield code="r">2015-10-21</subfield>
    <subfield code="w">2015-10-21</subfield>
    <subfield code="y">AVM</subfield>
  </datafield>
  <datafield tag="952" ind1=" " ind2=" ">
    <subfield code="0">0</subfield>
    <subfield code="1">0</subfield>
    <subfield code="2">ddc</subfield>
    <subfield code="4">0</subfield>
    <subfield code="6">AVM_NGE_2010_000000000000000_B096_OR_7</subfield>
    <subfield code="7">0</subfield>
    <subfield code="9">11254</subfield>
    <subfield code="a">LBB</subfield>
    <subfield code="b">LBB</subfield>
    <subfield code="c">B096</subfield>
    <subfield code="d">2015-10-21</subfield>
    <subfield code="o">AVM NGE 2010 B096 Or.7</subfield>
    <subfield code="p">RUA019932</subfield>
    <subfield code="r">2015-10-21</subfield>
    <subfield code="w">2015-10-21</subfield>
    <subfield code="y">AVM</subfield>
  </datafield>
  <datafield tag="952" ind1=" " ind2=" ">
    <subfield code="0">0</subfield>
    <subfield code="1">0</subfield>
    <subfield code="2">ddc</subfield>
    <subfield code="4">0</subfield>
    <subfield code="6">AVM_NGE_2010_000000000000000_B096_OR_8</subfield>
    <subfield code="7">0</subfield>
    <subfield code="9">11255</subfield>
    <subfield code="a">LBB</subfield>
    <subfield code="b">LBB</subfield>
    <subfield code="c">B096</subfield>
    <subfield code="d">2015-10-21</subfield>
    <subfield code="o">AVM NGE 2010 B096 Or.8</subfield>
    <subfield code="p">RUA019638</subfield>
    <subfield code="r">2015-10-21</subfield>
    <subfield code="w">2015-10-21</subfield>
    <subfield code="y">AVM</subfield>
  </datafield>
</record>
